Statistics for Main Series Ace Attorney Speech Bubbles

Click here to take the quiz!

General Stats

  • This quiz has been taken 213 times
  • The average score is 6 of 9

Answer Stats

Debut GameSpeech Bubble% Correct
Phoenix Wright: Ace AttorneyObjection!
99%
Phoenix Wright: Ace Attorney: Spirit Of JusticeSatorha!
99%
Phoenix Wright: Ace AttorneyHold It!
98%
Phoenix Wright: Ace AttorneyTake That!
94%
Apollo Justice: Ace AttorneyGotcha!
69%
Phoenix Wright: Ace Attorney: Dual DestiniesSilence!
62%
Phoenix Wright: Ace Attorney: Dual DestiniesGot It!
52%
Phoenix Wright: Ace Attorney: Spirit Of JusticeSuch Insolence!
41%
Phoenix Wright: Ace Attorney: Spirit Of JusticeThat’s Enough!
33%

Score Distribution

Percentile by Number Answered

Percent of People with Each Score

Your Score History

You have not taken this quiz